KiiiKiii all songs (until January 2016) - Statistics

General Stats
  • This quiz has been taken 16 times
  • The average score is 10 of 14
Answer Stats
Hint Answer % Correct
Delulu Pack 404 (New Era)
100%
Delulu Pack Delulu
93%
DANCING ALONE DANCING ALONE
87%
Pre-release(UNCUT GEM) I DO ME
87%
UNCUT GEM BTG
80%
UNCUT GEM DEBUT SONG
67%
Delulu Pack Dizzy
67%
DANCING ALONE Strawberry Cheesegame
67%
Delulu Pack UNDERDOGS
67%
UNCUT GEM GROUNDWORK
60%
Delulu Pack MUNGNYANG
60%
UNCUT GEM ONE OFF
60%
other release To Me From Me
53%
UNCUT GEM THERE THEY GO
47%
No matching quizzes found
Score Distribution
Percent of People with Each Score
Percentile by Number Answered
Your Score History
You have not taken this quiz